Girondins de Bordeaux- Tous les joueurs de 2010 à 2025 - Statistiques

Statistiques générales
  • Ce quiz a été pris 631 fois
    129 depuis la dernière actualisation
  • Le résultat moyen est 102 sur 214
Statistiques - réponses
Saisons Nationalité Joueur Nombre
De Matchs
Poste % Correct
2009 - 2017 France CédricCarrasso 314 G
98%
2009 - 20132014 - 2019 RépubliqueTchèque JaroslavPlasil 367 M
95%
2007 - 2013 France BenoitTrémoulinas 220 D
93%
2015 - 2018 Brésil Malcom 96 A
93%
2010 - 2016 Mali CheickDiabaté 152 A
92%
2024 - France LassanaDiabate 34 G
92%
2001 - 2015 France MarcPlanus 381 D
92%
1997 - 2011 France UlrichRamé 525 G
92%
2008 - 2011 France YoanGourcuff 95 M
92%
2017 - 2022 France BenoitCostil 182 G
88%
2012 - 2017 Uruguay DiegoRolán 149 A
88%
2016 - 2020 Guinée FrançoisKamano 139 A
88%
2017 - 2019 France JulesKounde 70 D
85%
2006 - 2016 Brésil Jussie 250 M/A
85%
2009 - 2016 Sénégal LamineSané 238 D
85%
2019 - 2022 CoréeDu Sud Ui - JoHwang 98 A
85%
2005 - 2014 Brésil Henrique 208 D
83%
2018 - 2023 Nigéria JoshMaja 92 A
83%
2021 - 2023 France JuniorMwanga 36 D/M
83%
2010 - 2011 Sénégal SalifSané 5 D
83%
2024 - 2025 Angleterre AndyCarroll 23 A
81%
2007 - 2016 Sénégal HenriSaivet 178 M/A
81%
2014 - 2016 Tunisie WahbiKhazri 64 M/A
81%
2011 - 2017 Mali AbdouTraoré 94 M
80%
2007 - 2011 France AlouDiarra 164 M
80%
2020 - 2022 Guinée AmadouTraoré 22 A
80%
2015 - 2016 Mali BabaTraoré 1 D
80%
2014 - 2018 Allemagne DiegoContento 94 D
80%
2018 - 2023 France GaetanPoussin 56 G
80%
2018 - 2022 France JimmyBriand 116 A
80%
2007 - 2014 France MatthieuChalmé 167 D
80%
2012 - 2021 France MaximePoundjé 159 D
80%
2011 - 2017 France NicolasMaurice - Belay 187 M
80%
2013 - 2017 CoteD'ivoire ThomasTouré 67 A
80%
2006 - 2011 Brésil Wendel 207 M
80%
2016 - 2021 Sénégal YoussoufSabaly 150 D
80%
2016 - 2018 France JérémyToulalan 61 M
78%
2020 - 2023 France DilaneBakwa 51 A
76%
2005 - 2011 Brésil Fernando 241 M
76%
2020 - 2021 France HatemBen Arfa 25 M
76%
2017 - 2021 France NicolasDe Préville 126 A
76%
2014 - 2017 France NicolasPallois 101 D
76%
2018 - 2022 Nigéria SamuelKalu 86 A
76%
2018 - 2022 France YacineAdli 104 M
76%
2008 - 2013 France YoanGouffran 180 A
76%
2021 - 2024 Honduras AlberthElis 61 A
75%
2008 - 20102011 - 2017 France GrégorySertic 181 M
75%
2015 - 2018 France JéromePrior 42 G
75%
2017 - 2019 Danemark LukasLerager 68 M
75%
2017 - 2022 Brésil Otávio 127 M
75%
2015 - 2021 Brésil Pablo 113 D
75%
2023 - 2024 Espagne PedroDiaz 41 M
75%
2018 - 2021 Croatie TomaBasic 82 M
75%
2014 - 2019 Argentine ValentínVada 86 M
75%
2016 - 2019 Sénégal YounousseSankharé 84 M
75%
2022 - 2024 Roumanie AlexiPitu 44 A
73%
2011 - 20122014 - 2015 Argentine EmilianoSala 13 A
73%
2015 - 2018 France GaetanLaborde 71 A
73%
2011 - 2015 Brésil Mariano 143 D
73%
2019 - 2022 Mozambique Mexer 48 D
73%
2017 - 2022 France PaulBaysse 42 D
73%
2022 - 2024 France YoannBarbet 70 D
73%
2015 - 2017 Algérie AdamOunas 60 A
71%
2011 - 2016 Gabon AndrePoko 100 M
71%
2006 - 2011 Argentine FernandoCavenaghi 111 A
71%
2023 - 2024 Suède Karl-Johan Johnsson 24 G
71%
2019 - 2021 Suisse LorisBenito 59 D
71%
2019 - 2022 France RémiOudin 81 A
71%
2014 - 2016 France ClémentChantome 48 M
69%
2021 - 2023 Brésil Fransérgio 64 M
69%
2021 - 2022 France TimothéePembélé 28 D
69%
2014 - 2017 Suède IsaacKiese Thelin 36 A
68%
2016 - 2017 France JérémyMénez 31 A
68%
2011 - 2014 Cameroun LandryN'Guémo 83 M
68%
2011 - 2014 Pologne LudovicObraniak 91 M
68%
2021 - 2022 Portugal RicardoMangas 30 D
68%
2022 - 2024 République Démocratique Du Cogo VitalNsimba 61 D
68%
2018 - 2019 Danemark AndreasCornelius 29 A
66%
2014 - 20162024 - RépubliqueCentrafricaine CédricYambéré 83 D
66%
2009 - 2012 France MichaelCiani 116 D
66%
2015 - 2019 Serbie MilanGajic 40 D
66%
2020 - 2022 France SékouMara 36 A
66%
2018 - 20192024 - France DrissTrichard 28 D
64%
2012 - 2015 France JulienFaubert 63 D
64%
2015 - 2017 France PaulBernardoni 7 G
64%
2024 - France SoufianeBahassa 29 M
64%
2016 - 2021 Serbie VukasinJovanovic 56 D
64%
2017 - 2018 Guinée - Bissau AlexandreMendy 18 A
63%
2007 - 2014 France DavidBellion 156 A
63%
2015 - 2017 Uruguay MauroArambarri 12 M
63%
2018 - 2019 France YannKaramoh 32 A
63%
2016 - 2019 Comores ZaydouYoussouf 29 M
63%
2013 - 2016 France EnzoCrivelli 56 A
61%
2023 - France JeanGrillot 28 D
61%
2013 - 2014 Argentine LucasOrbán 30 D
61%
2020 - 2023 France TomLacoux 64 M
61%
2021 - 2022 Pays - Bas JavairoDilrosun 34 A
59%
2022 - 2024 Cameroun MalcomBokele 60 D
59%
2015 - 2016 France MathieuDebuchy 9 D
59%
2018 - 2019 Espagne SergiPalencia 31 D
59%
2013 - 20142016 - 2018 France ThéoPellenard 34 D
59%
2010 - 20122013 - 2014 Serbie VujadinSavic 13 D
59%
2022 - 2024 France ClémentMichelin 59 D
58%
2023 - 2024 France JérémyLivolant 42 A
58%
2019 - 2020 Italie RaoulBellanova 1 D
58%
2017 - 2018 France SoualihoMeité 19 M
56%
2014 - 2016 France FrédéricGuilbert 46 D
54%
2013 - 2014 France GuillaumeHoarau 17 A
54%
2017 - 20182019 - 2020 Brésil JonathanCafu 24 A
54%
2008 - 20092010 - 2014 Martinique KévinOlimpa 13 G
54%
2010 - 2011 Niger MoussaMaazou 16 A
54%
2024 - 2025 France NathanaelBai 33 D
54%
2013 - 2015 Slovénie AzbeJug 4 G
53%
2014 - 2015 Portugal TiagoIlori 15 D
53%
2018 - 2020 Maroc YassineBenrahou 10 M
51%
2010 - 2012 France AnthonyModeste 57 A
49%
2004 - 20082010 - 2013 France FlorianMarange 114 D
49%
2012 - 2014 Mali HadiSacko 23 A
49%
2020 - 2024 Mali IssoufSissokho 65 M
47%
2013 - 2014 France JérémieBréchet 10 D
47%
2024 - 2025 Angleterre AmadouDiallo 27 A
46%
2018 - 2019 France TillCissokho 1 D
44%
2022 - 2024 Sénégal AliouBadji 46 A
42%
2021 - 2024 Gabon JacquesEkomié 35 D
42%
2021 - 2022 Cameroun JeanOnana 26 M
42%
2014 - 2015 France ClémentBadin 1 M
41%
2014 - 2015 Bénin DavidDjigla 1 M
41%
2019 - 2022 France EnockKwateng 62 D
41%
2011 - 2012 France AbdoulayeKeita 1 G
39%
2019 - 2020 Espagne RubénPardo 9 M
39%
2022 - 2024 Géorgie ZurikoDavitashvili 70 A
39%
2017 - 2018 France ErvinTaha 2 A
37%
2019 - 2022 Algérie MehdiZerkane 34 A
37%
2017 - 2018 France ThomasCarrique 2 D
37%
2017 - 2018 Bénin OlivierVerdon 1 D
36%
2015 - 2016 France RobinMaulun 5 M
36%
2013 - 2015 France YounèsKaabouni 18 M
36%
2018 - 2020 France AurélienTchouaméni 37 M
34%
2024 - 2025 Senegal DjibrilDiaw 11 D
34%
2010 - 2011 Togo FloydAyité 8 A
34%
2021 - 2022 Ghana GideonMensah 23 D
34%
2005 - 20092010 - 2011 France PierreDucasse 74 M
34%
2019 - 2022 France LaurentKoscielny 65 D
32%
2024 - 2025 CoteD'Ivoire TrazieThomas 26 M
32%
2024 - 2025 France OverMandanda 1 G
31%
2024 - France YanisMerdji 32 A
31%
2021 - 2024 Ukraine DanyloIgnatenko 80 M
29%
2023 - 2024 Slovénie ZanVipotnik 40 A
29%
2018 - 2019 France AlexandreLauray 3 D
27%
2021 - 2022 France JosuhaGuilavogui 15 M
27%
2010 - 2014 Tunisie FahidBen Khalfallah 97 A
25%
2021 - 2022 Brésil Marcelo 11 D
25%
2021 - 2024 Norvège StianGregersen 74 D
25%
2010 - 2012 France EvanChevalier 2 A
22%
2022 - 2024 Pologne RafalStraczek 24 G
22%
2016 - 2019 Pologne IgorLewczuk 55 D
20%
2022 - 2024 France MarvinDe Lima 24 A
20%
2024 - 2025 France AdrienLouveau 31 M
17%
2018 - 2020 France AlbertLottin 3 M
17%
2021 - 2025 France EmericDepussay 44 M
17%
2023 - 2024 France GaetanWeissbeck 36 M
17%
2017 - 2018 Danemark MartinBraithwaite 14 A
17%
2021 - 2022 Sénégal M'bayeNiang 23 A
17%
2021 - 2022 Bosnie AnelAhmedhodzic 15 D
15%
2014 - 2016 Cameroun KévinSoni 5 M
15%
2020 - 2021 CoteD'ivoire Jean MichaelSeri 13 M
12%
2010 - 2011 France RémiElissalde 1 M
12%
2011 - 2012 Pologne GrzegorzKrychowiak 2 M
10%
2021 - 2022 Algérie AbdelMedioub 11 D
8%
2015 - 2016 Haiti JeanAmbrose 3 D
8%
2022 - 2024 France LucasRocrou 3 A
8%
2023 - 2024 Portugal MathiasDe Amorim 9 M
8%
2024 - 2025 France N'FamadyDiaby 11 M
8%
2019 - 2020 Maroc YoussefAit Bennasser 16 M
8%
2023 - 2024 France EmmanuelBiumla 11 D
7%
2015 - 2016 Tunisie HazemHaj - Hassen 1 A
7%
2024 - 2025 France JeremyGrain 3 A
7%
2021 - 2023 France JohanekoLouis - Jean 10 D
7%
2022 - 2024 France JulienVetro 16 A
7%
2020 - 2021 Togo LoicBessilé 2 D
7%
2021 - 2024 Guadeloupe DavyRouyard 1 G
5%
2023 - 2024 Madagascar JeanMarcelin 21 D
5%
2024 - 2025 France NamaFofana 16 D
5%
2024 - 2025 France SekouFofana 2 D
5%
2013 - 2015 Bénin SessiD'almeida 3 M
5%
2024 - 2025 France WhissyNdong 1 M
5%
2023 - 2024 France YohanCassubie 19 M
5%
2024 - 2025 CoteD'Ivoire EtienneBeugre 14 A
3%
2024 - 2025 Comores GlenYounousse 2 D
3%
2015 - 2016 Algérie IliasHassani 1 D
3%
2022 - 2024 France LennyPirringuel 15 M
3%
2022 - 2023 France LoganDelaurier- Chaubet 23 M
3%
2024 - 2025 Senegal MalickSeck 5 A
3%
2021 - 2022 CoteD'ivoire Moudja SiéOuattara 1 A
3%
2024 - 2025 France NolanBonte 3 M
3%
2010 - 2011 Brésil AndréFelipe 8 A
2%
2023 - 2024 France DavidTebili 2 A
2%
2024 - 2025 France GeorgesGrimaud 1 G
2%
2024 - 2025 Tunisie IssamBen Khamis 10 M
2%
2021 - 2023 Haiti JohabPascal 1 M
2%
2016 - 2017 Guadeloupe JorrisRomil 1 A
2%
2024 - 2025 France MalhoryNoc 5 A
2%
2021 - 2022 Algérie MohamedAggoun 1 D
2%
2024 - 2025 France NassimRanem 23 D
2%
2023 - 2024 Gambie NfansuNjie 4 A
2%
2024 - France NoahRamon 4 A
2%
2024 - 2025 Senegal Pape Massar Djitte 2 A
2%
2021 - 2023 France RudyOrea 1 M
2%
2024 - 2025 Pays - Bas SafouaneKarim 4 A
2%
2021 - 2022 Togo ThibaultKlidjé 5 A
2%
2021 - 2024 Algérie TijanyAtallah 1 D
2%
2024 - 2025 Ouganda TravisMutayba 21 M
2%
2024 - 2025 Benin YoussoufAssogba 18 D
2%
2024 - 2025 France YvanIkia Dimi 14 A
2%
Aucun quiz correspondant
Distribution des résultats
% des personnes avec chaque résultat
Percentile par nombre de réponses
Votre historique - résultats
Vous n’avez pas pris ce quiz depuis la dernière actualisation